000 00751cab a2200217 4500
001 ABS55686
008 090401t1996 xxu||||| |||| 00| 0 eng d
035 _a(Sirsi) u18037
041 0 _aeng
100 1 _aOutram, R.
245 0 0 _aEco-worriers
260 _c1996
350 _a0
490 0 _aAccountancy Age
_v11 July 1996, 18-19(2)
520 _aReviews existing guidance and standards on environmental accounting as many company annual reports now include environmental statements.
520 _aThis item is no longer held by the RICS Library but may be available on inter-library loan. Please ask staff for details.
651 4 _aUnited Kingdom
_y
690 _aENVIRONMENTAL AND LAND CONSULTANCY
942 _n0
948 _c04/03/1997
999 _c11960
_d11960